[Event "NED-ch59"]
[Site "Leeuwarden"]
[Date "2004.07.06"]
[Round "6"]
[White "Tiviakov, Sergei"]
[Black "Van der Wiel, John"]
[Result "1-0"]
[WhiteElo "2593"]
[BlackElo "2526"]
[Annotator "Bangiev,A"]
[PlyCount "69"]
[EventDate "2004.06.30"]
[EventType "tourn"]
[EventRounds "9"]
[EventCountry "NED"]
[EventCategory "12"]
[SourceTitle "CBM 102"]
[Source "ChessBase"]
[SourceDate "2004.09.23"]
[SourceVersion "1"]
[SourceVersionDate "2004.09.23"]
[SourceQuality "1"]

1. e4 c5 2. Nc3 Nc6 3. Bb5 g6 {[%cal Ye4f5,Gg7e5]} 4. Bxc6 dxc6 {[%cal Gg7e5,
Gc7e5]} 5. d3 {[%cal Ye4f5]} Bg7 {[%cal Cc1e3,Ce3c5,Ye4f5,Gg7e5]} 6. Be3 Qa5 7.
Qd2 {[%cal Ye4f5,Gg7e5] /\Bh6, Bg7 zu tauschen, die Felder g7,f6,e5 zu
schwächen} Be6 {[%cal Ye4f5,Gg7e5]} (7... Nf6 8. Bh6) 8. Nge2 {/\f2-f4-f5} Rd8
9. O-O Bc8 (9... c4 10. d4) 10. b3 (10. f4 c4) 10... h5 {[%cal Ye4f5] Schwarz
möchte den Bg7 behalten, also Bh6 verhindern. Dies schwächt aber Pg6. /\f4-f5}
(10... Bg4 11. f3) 11. h3 (11. f4 Bg4) 11... b6 {[%cal Ye4f5,Gg7e5]} 12. f4 {
/\f5} f5 {[%cal Ye6f7,Ye4f5] Schwarz möchte f4-f5 verhindern, schwächt aber
die Felder f7, e6, was den Läufer c8 überlastet. Es ist lehrreich zu verfolgen,
wie Weiß nun die e4-Strategie mit dem Ziel die Felder e6, f7,d7 zu erobern
meistert.} (12... Nf6 13. Rae1 {/\f5} Qa3 14. f5 gxf5 15. exf5 Rg8 16. Bg5 $16
{[%cal Ye4f5,Gg7e5]} Qb2 17. Ng3 {[%cal Ye4f5,Gg7e5]}) 13. exf5 $1 {[%cal
Of5g6,Cc8f5,Ye6f7][%mdl 32]} gxf5 {[%cal Ye6f7]} 14. Qe1 {[%cal Ye6f7] Weiß
plant eine Figurenumgruppierung (Nc3 nach g5) mit dem Ziel die Felder e6,f7 zu
besetzen} Rd6 15. Bd2 Qa6 16. Kh1 Re6 17. Qf2 Nf6 18. Rae1 {[%cal Ye6f7]} Rh6
19. Nc1 {[%cal Cf6d5,Cg7c3,Ye6f7] >Pa2, /\Nc3-g1-f3-g58e5) >> _|__|_ e6,f7} (
19. Ng1 Nd5) 19... Kf7 (19... Nd5 20. N3e2) 20. Rxe6 Bxe6 21. N3e2 $5 {
/\Ng1-f3-g5 (e5)} (21. Re1 $5) 21... Qc8 22. c4 {[%cal Yc4d5,Ye6f7]} Qh8 {/\Ng4
} 23. Qe1 {[%cal Yd5e6]} Ne8 (23... h4 24. Ng1 Nh5 25. Nce2 {/\Nf3}) 24. Ng1
Bc8 25. Nf3 {/\Ng5 -> Felder e6,f7} Nc7 {[%cal Ye6f7]} 26. Ne2 {/\Ng5} (26.
Ng5+ Ke8 {[%cal Ye6f7]} 27. Rf2 {/\Re2; Na: Nc1*}) 26... Ne6 27. Ne5+ $16 {
[%cal Ye6f7]} Ke8 {[%cal Ye6f7]} (27... Bxe5 28. fxe5 $18) 28. Bc3 {/\Nc6} Bb7
{[%cal Ye6d7,Ye6f7]} 29. Qf2 Qh7 30. Re1 Nd4 31. Bxd4 $1 {[%cal Ye6f7,Cc5d4,
Ye6d7]} cxd4 32. Nxd4 {[%cal Ye6f7]} c5 33. Ndf3 Rd6 34. Ng5 {[%cal Ye6f7,
Og5h7,Ye6d7]} Qg8 35. Qe2 {[%cal Oe2h5,Ye6f7]} 1-0

[Event "RUS-ch"]
[Site "Elista"]
[Date "1996.??.??"]
[Round "7"]
[White "Beshukov, Sergei"]
[Black "Loginov, Valery A"]
[Result "1-0"]
[WhiteElo "2460"]
[BlackElo "2525"]
[Annotator "Bangiev,A"]
[PlyCount "145"]
[EventDate "1996.10.15"]
[EventType "swiss"]
[EventRounds "11"]
[EventCountry "RUS"]
[SourceTitle "CBM 056"]
[Source "ChessBase"]
[SourceDate "1997.02.01"]
[SourceVersion "1"]
[SourceVersionDate "1997.02.01"]
[SourceQuality "1"]

1. e4 {Baburin} c5 2. Nc3 d6 3. f4 Nc6 4. Nf3 g6 5. Bc4 Bg7 6. O-O e6 7. d3
Nge7 8. Qe1 Nd4 9. Nxd4 cxd4 10. Ne2 {Baburin: This line occurs in modern
tournament practice quite often; the question is which will be more important
- the dynamic factor (pressure on the semi-open c-file) or the potential
static weakness of the d4-pawn and Black's pawn formation in general. In this
game Black did not take proper care the pawn on d4.} d5 $6 (10... O-O $142) 11.
Bb5+ $1 Kf8 (11... Bd7 12. Bxd7+ Qxd7 13. f5 $5 $36 {/\ 14.f6} gxf5 (13... exf5
$6 14. exf5 $14) 14. exf5 Nxf5 15. Rxf5 $5 exf5 16. Nxd4+ Qe7 (16... Kf8 17.
Qf2 $36) (16... Kd8 17. Qh4+ (17. Qf2 Bxd4 18. Qxd4 Rg8 19. Bf4 $44) 17... Kc8
18. Be3 $44) 17. Qxe7+ (17. Be3 $5 $36) 17... Kxe7 18. Nxf5+ Kf6 19. Nxg7 Kxg7
20. Be3 Rhe8 21. Bd4+ $13) 12. e5 $1 {[%csl Rd4]} Qb6 13. Ba4 h5 (13... Nf5 14.
g4 Ne3 15. Bxe3 dxe3 16. d4 (16. Qc3 $5 $14) 16... Qxb2 17. Bb3 Qa3 $13 18. Ng3
a5 $1 19. c3 (19. f5 $6 a4) 19... a4 20. Bc2 $14) (13... f6 14. Qf2 $16) 14.
Bd2 $5 {[%cal Yc3a5]} a5 (14... Qxb2 $2 15. Bb3 $18 {E16. b4} Qa3 16. Bb4 Qa6
17. Qh4 $2) (14... Nf5 $18 15. Ba5 Qa6 (15... Qxb2 16. Rb1 $18) 16. Qb4+ Kg8
17. Bb5) (14... Nc6 15. b4 $5) 15. Qf2 {[%csl Yd4] /\17.Rfb1} Nf5 (15... Qxb2
$2 16. a3 (16. Qxd4 Qxd4+ 17. Nxd4 $16) 16... Qb6 17. Bc3 Nf5 18. Nxd4 Qc7 19.
Nb5 $16) 16. Bc3 $1 $16 Qa6 17. Nxd4 Nxd4 18. Qxd4 Kg8 19. Qc5 $5 Bf8 20. Qb5
Qa7+ 21. d4 (21. Kh1 $5 Bc5 (21... b6 22. Bd4 Rb8 23. Rae1 $1 Ba6 24. Qc6 $16)
22. f5 $5 (22. Rae1 d4 $132) (22. d4 $5 Bxd4 23. f5 $5) 22... gxf5 (22... exf5
$2 23. Qe8+ Bf8 24. Bd7 $16) 23. Rf3 (23. d4 $5 Bf8 $1 (23... Bxd4 24. Qe8+ Kg7
25. Qe7 Bxc3 26. Qf6+ Kg8 27. bxc3 Qc5 28. Rf3 h4 29. g4 $18) 24. Rf3 b6 25.
Rg3+ Bg7 $14) 23... b6 24. Rg3+ Kh7 25. Rg5 Ba6 26. Qb3 $40) 21... b6 $14 22.
Qd3 Ba6 23. Bb5 Bxb5 24. Qxb5 Rc8 25. Qd3 Be7 26. a4 Qd7 27. Rf2 Kg7 28. Be1
Rc7 29. c3 Rb8 30. Qb5 Qxb5 31. axb5 Rbc8 {[%csl Yc4]} 32. Rf3 {/\b2-b3,c3-c4}
Kf8 33. Kf1 Ke8 34. Ke2 Ra8 35. Kd3 (35. Ra4 {/\36...Ra4}) (35. b3 $5) 35... a4
{/\ Rfa1,g3,h3,g4 danach Eroberung der h-Linie.} 36. b4 Kd7 37. Bd2 Rcc8 38.
Ra2 Ra7 39. Rf1 $1 {Der Plan von Weiß besteht nun darim, den Durchbruch c3-c4
vorzubereiten.} f5 40. exf6 Bxf6 41. Rfa1 Rca8 42. g3 Ke7 43. Be3 Kd7 44. h3
Ke7 45. g4 hxg4 46. hxg4 Kf7 47. Kc2 Kg7 48. Rh1 Rh8 49. Rxh8 Kxh8 50. Kb2 $1
Kg8 51. Ka3 Kf7 52. Rc2 $16 {/\c3-c4} Be7 53. c4 dxc4 54. Rxc4 Bd8 55. Rc6 $1
Rd7 56. Kxa4 Rd5 57. Kb3 $18 Rxb5 58. Kc4 Rd5 59. b5 $6 Rd7 60. Bd2 Ra7 (60...
Bc7 61. Bb4 $18 (61. g5 Bd8) (61. Kd3 Bd8 (61... e5 62. fxe5 Bxe5 63. Be3 Bc7
64. Kc4) 62. Ke4 Rd5) 61... Bxf4 (61... Bd8 62. Bd6) 62. Rxb6 $18) 61. d5 $18
exd5+ 62. Kxd5 Ra3 (62... Rd7+ 63. Rd6 {/\Kc6}) 63. Bc3 Ra4 64. Rc4 $6 Ra2 65.
Be5 (65. Kc6 $6 Rc2) 65... Rg2 66. g5 Be7 67. Kc6 Ke6 68. Kxb6 Kd5 69. Rc6 Ra2
70. Rxg6 Bc5+ 71. Kb7 Ra7+ 72. Kb8 Rf7 73. b6 1-0

[Event "Pamplona 9697 7th"]
[Site "Pamplona"]
[Date "1996.12.??"]
[Round "6"]
[White "Gulko, Boris F"]
[Black "Gomez Esteban, Juan Mario"]
[Result "1/2-1/2"]
[WhiteElo "2615"]
[BlackElo "2495"]
[Annotator "Bangiev,A"]
[PlyCount "63"]
[EventDate "1996.12.??"]
[EventType "tourn"]
[EventRounds "9"]
[EventCountry "ESP"]
[EventCategory "13"]
[SourceTitle "CBM 057"]
[Source "ChessBase"]
[SourceDate "1997.04.01"]
[SourceVersion "1"]
[SourceVersionDate "1997.04.01"]
[SourceQuality "1"]

1. e4 c5 2. Nc3 Nc6 3. f4 g6 4. Nf3 Bg7 5. Bb5 Nd4 6. a4 Nf6 $5 $146 7. e5 (7.
O-O O-O 8. d3 d5 $5) 7... Nh5 8. d3 O-O $5 9. Nxd4 (9. g4 a6 10. gxh5 (10. Bc4
d5 11. exd6 Bxg4 $17) 10... axb5 11. Nxd4 cxd4 12. Nxb5 d6 13. exd6 exd6 14.
O-O Bh3 $132) 9... cxd4 10. Ne2 d6 11. exd6 exd6 12. O-O Bg4 $5 (12... d5 {
/\ 13....a6} 13. a5 a6 14. Ba4 Qxa5 15. h3 Qc5 $15) 13. Rf2 (13. Re1 $142 d5 (
13... a6 14. Bc4 d5 15. Bb3 Re8 16. h3 $11) 14. a5 a6 15. Ba4 Qxa5 16. h3 Bxe2
17. Qxe2 b5 (17... Ng3 18. Qf2 Nf5 19. Bd2 $13) 18. Bd2 Qc7 19. Bb3 Nxf4 20.
Qf3 Ne6 21. Bxd5 $132) 13... d5 {/\ 14....a6} 14. a5 a6 15. Ba4 Qxa5 16. h3
Bxe2 17. Qxe2 (17. Rxe2 b5 18. Bd2 Qc7 19. Bb3 Nxf4 (19... Ng3 20. Re1 $14) 20.
Rf2 Ne6 21. Bxd5 Ra7 $15) 17... Ng3 $6 (17... Rfe8 $5 18. Qf3 (18. Bxe8 Qxa1
19. Qe1 (19. Rf1 Ng3) 19... Nf6 20. Re2 Bf8 $19) 18... Re1+ (18... b5 19. Bd2)
19. Rf1 Rxf1+ 20. Kxf1 Nf6 $17) (17... Rae8 $5) 18. Qf3 Nf5 19. Bd2 Qc5 20. Re2
Ne3 21. Kh1 a5 $6 (21... h5 $5 22. Bb3 Rad8 {Plan: Bf6,Kg7,h4, Rh8 ->}) 22. Bb3
$1 a4 23. Rxa4 Rxa4 24. Bxa4 Ra8 25. b4 (25. Bxe3 $5 Rxa4 (25... dxe3 26. Bb3
$14) 26. Bc1 $13) 25... Qc7 26. Bb3 Ra1+ 27. Re1 Rxe1+ 28. Bxe1 Nxc2 29. Bd2
Ne3 $11 30. Bxe3 dxe3 31. Qxe3 Bf8 32. Bxd5 1/2-1/2

[Event "Jakarta"]
[Site "Jakarta"]
[Date "1996.??.??"]
[Round "?"]
[White "Hickl, Joerg"]
[Black "Hodgson, Julian M"]
[Result "1/2-1/2"]
[WhiteElo "2600"]
[BlackElo "2550"]
[Annotator "Bangiev,A"]
[PlyCount "31"]
[EventDate "1996.08.28"]
[EventType "tourn"]
[EventRounds "11"]
[EventCountry "INA"]
[EventCategory "10"]
[SourceTitle "CBM 057"]
[Source "ChessBase"]
[SourceDate "1997.04.01"]
[SourceVersion "1"]
[SourceVersionDate "1997.04.01"]
[SourceQuality "1"]

1. e4 c5 2. Nc3 Nc6 3. f4 e6 4. Nf3 d5 5. Bb5 Nf6 6. d3 Be7 7. O-O O-O 8. Bxc6
bxc6 9. b3 (9. e5 Nd7 10. b3 f6 (10... Nb6 11. Qe1 a5 12. Qg3 Kh8 13. Nd1 a4
14. Ba3 Bb7 15. Ne3 Qd7 16. Qg4 Bc8 $13 {0-1 Hesse,J-Baum,B/Bad Ragaz op 1993 
(42)}) (10... f5 11. exf6 Bxf6 12. Qe1 Qe8 13. Bb2 Ba6 14. Qg3 Qh5 15. Na4 Rae8
16. Be5 Bxe5 17. Nxe5 Nxe5 18. fxe5 $14 {Koskoska,G-Guindy,E/Erevan olw 1996/1/
2-1/2 (84)}) 11. Bb2 fxe5 12. fxe5 Qe8 13. Qd2 Ba6 14. Kh1 Qh5 15. Ne2 Rab8 16.
Qa5 Rb6 17. c4 dxc4 18. dxc4 Bxc4 $15 {1/2-1/2 Nordstrom,F-Schneider,L/Rilton
Cup 1988 (41)}) 9... Ba6 10. e5 Nd7 11. Ne2 (11. Qe1 Rb8 12. Qg3 f5 13. exf6
Bxf6 14. Ne5 Bxe5 15. fxe5 Rxf1+ 16. Kxf1 Qf8+ 17. Kg1 Qf7 $13 {0-1 Ozanne,
M-Garrard,C/Novi Sad olm 1990 (32)}) (11. Bb2 Rb8 {/\12....c4}) 11... c4 $5 (
11... f5 12. c4 $5 Re8 13. Qe1 Rb8 14. Ba3 Bc8 15. Nc3 Nb6 16. Nd1 a5 17. Qf2
Nd7 18. Nc3 $14 {Mueller,M-Martin,J/Nuernberg op 1990/1-0 (57)}) 12. d4 (12.
dxc4 $6 dxc4 13. Be3 Nb6 14. Re1 (14. Qe1 $6 Nd5 $36 {[%csl Re3,Rf4]}) 14...
Nd5 15. Qc1 Qa5 $5 $36) 12... c5 13. Be3 Qc7 14. Rf2 (14. c3 Rab8 $36) 14...
cxb3 $6 (14... f6 $5 $36) 15. axb3 Bxe2 16. Qxe2 $11 1/2-1/2

[Event "Terres Catalanes"]
[Site "Manresa"]
[Date "1996.??.??"]
[Round "4"]
[White "Arencibia Rodriguez, Walter"]
[Black "Vehi Bach, Victor Manuel"]
[Result "1/2-1/2"]
[WhiteElo "2555"]
[BlackElo "2365"]
[Annotator "Bangiev,A"]
[PlyCount "54"]
[EventDate "1996.09.??"]
[EventType "tourn"]
[EventRounds "9"]
[EventCountry "ESP"]
[EventCategory "9"]
[SourceTitle "CBM 056"]
[Source "ChessBase"]
[SourceDate "1997.02.01"]
[SourceVersion "1"]
[SourceVersionDate "1997.02.01"]
[SourceQuality "1"]

1. e4 {Horvath,T} c5 2. Nc3 Nc6 3. f4 g6 4. Nf3 Bg7 5. Bc4 e6 6. O-O Nge7 7.
Qe1 O-O 8. d3 d5 9. Bb3 Nd4 {Horvath: Man spielt heute die Partiefortsetzung,
mir hingegen gefällt 9...Na5 besser.} (9... Na5 {Horvath,T} 10. Bd2 d4 (10...
b6 11. Qh4 Bb7 12. Rae1 Nxb3 13. axb3 dxe4 14. dxe4 Nc6 $15 {Trnovec-Gladyszew/
Balatonbereny/1996}) 11. Ne2 Nec6 12. Ng3 $6 f5 13. Qe2 Nxb3 14. axb3 Qd6 $15 {
Boronyak-Nagy,E/Hungary/1994}) 10. Nxd4 cxd4 11. Ne2 dxe4 12. dxe4 d3 13. Nc3 (
13. cxd3 $4 {Horvath,T} Qb6+ $19) 13... dxc2 (13... Nc6 {Horvath,T} 14. Be3
dxc2 15. Bxc2 Nd4 16. Bd3 Qe7 17. Qf2 $14 {Bangiev-Böhm/CBM/51}) 14. Bxc2 b5
15. Be3 (15. Nxb5 $2 {wegen} Qb6+) 15... a6 (15... b4 $5 16. Na4 $14) 16. Qf2
Bd7 (16... Bb7 17. Rad1 Qc7 18. Bb6 Qc6 19. Bc5 Rfe8 20. Rd6 Qc7 21. Rfd1 Rad8
22. e5 $14) 17. Bc5 Re8 18. Rad1 Qc7 19. f5 $1 {Weiß steht besser und kann
seine Stellung durch 19.Bd6 oder 19.Rd2 (/\20.Rfd1) verstärken. Die Absicht
dieses Zuges besteht jedoch darin, etwas auf der f-Linie zu erreichen. Dieser
Plan ist scharf und für beide Seiten riskant.} (19. Bd6 Qa7 (19... Qc4 20. Bb3
Qc8 21. Be5 (21. f5 gxf5 $13) 21... f6 22. Qd4 $16) 20. Qxa7 Rxa7 21. Bc5 Rc7
22. Bb6 Rb7 23. Bd4 $14) (19. Rd2 Bc6 20. Rfd1 Rad8 21. Bb6 Rxd2 22. Rxd2 $14)
(19. e5 $1 {Horvath,T}) 19... gxf5 $8 (19... exf5 $2 20. Bxe7 Rxe7 21. Nd5 $18)
(19... Bxc3 20. fxg6 $1 fxg6 21. Qf7+ Kh8 22. Bxe7 $16) 20. Bxe7 {Mit diesem
Zug wollte Weiß das Nehmen auf f5 vorbereiten. Aber dies ist völlig
überflüssig.} (20. exf5 $1 {/\21.f6} Nxf5 21. Bxf5 exf5 22. Nd5 Qb7 (22... Qe5
$6 23. Nb6 Bc6 24. Nxa8 Rxa8 (24... Bxa8 25. Rfe1) 25. Bd4) 23. Qg3 (23. Nb6
Rad8 24. Qd2) 23... Kh8 24. Nb6 Rad8 (24... Be5 $2 25. Rxd7) 25. Qd3 $16) 20...
Rxe7 21. exf5 f6 {Dies ist wegen der Drohung 22.f6 absolut notwendig.} (21...
Be5 $2 22. f6) 22. Rfe1 Rae8 {/\23...b4} (22... b4 $2 23. Nd5) 23. Re4 $1 {
Weiß steht besser und verfügt über mehrere Möglichkeiten, seine Position zu
verstärken.} (23. Bb3 {Horvath,T} Kf8 24. fxe6 Bxe6 25. Nd5 (25. Bxe6 Rxe6 26.
Rxe6 Rxe6 27. Qf5 Qe5 $10) 25... Bxd5 26. Rxe7 Qxe7 27. Bxd5 Qe3 $10) 23... Kf8
$1 (23... exf5 $2 24. Rxe7 Rxe7 25. Nd5 $18) (23... a5 $2 24. fxe6) (23... Bc6
$6 24. Rxe6 Rxe6 25. fxe6 $16 Rxe6 $2 26. Bb3) (23... Bc8 24. a4 $5) 24. Red4
$5 (24. Rde1 {Eine Alternative besteht in} Bc8 25. a4 $5 $36) 24... Bc6 25.
fxe6 Rxe6 26. Bb3 $6 (26. Bxh7 $5 Bh6 {/\27...Be3} (26... Qe7 27. Bg6 Re1+ 28.
Rxe1 Qxe1+ 29. Qxe1 Rxe1+ 30. Kf2 $16) 27. Be4 $1 $16) 26... Re5 27. Rf4 $6 (
27. Bd5 $142 $14) 27... Qe7 {Schwarz hat seine Figuren günstig umgruppiert und
verfügt nun über eine stabile und feste Stellung.} 1/2-1/2

[Event "NED-ch59"]
[Site "Leeuwarden"]
[Date "2004.06.30"]
[Round "1"]
[White "Visser, Yge"]
[Black "Stellwagen, Daniel"]
[Result "0-1"]
[WhiteElo "2445"]
[BlackElo "2503"]
[Annotator "Bangiev,A"]
[PlyCount "64"]
[EventDate "2004.06.30"]
[EventType "tourn"]
[EventRounds "9"]
[EventCountry "NED"]
[EventCategory "12"]
[SourceTitle "CBM 102"]
[Source "ChessBase"]
[SourceDate "2004.09.23"]
[SourceVersion "1"]
[SourceVersionDate "2004.09.23"]
[SourceQuality "1"]

1. e4 c5 2. f4 Nc6 3. Nf3 g6 4. Bb5 Bg7 5. O-O Nf6 6. Nc3 O-O 7. Bxc6 bxc6 8.
d3 d6 9. Bd2 {/\b3, schwächt aber Pb2} (9. Qe1 {ist die weiße Hauptvariante} c4
10. d4) 9... c4 $5 10. d4 $6 {Man beachte: Pd4, Pb2 sind schwach} (10. Kh1 Qb6
11. Rb1 Ng4 12. Qe1 cxd3 13. cxd3 f5 $132) 10... Qb6 (10... Bg4 $5 11. Be3) 11.
e5 {[%cal Yb7d5,Yf7d5,Gb2d4,Gf2d4]} (11. Rb1 d5 (11... Bg4 12. Be3) 12. e5 Ne4
$36) 11... Nd5 $36 12. Nxd5 (12. b3 {[%cal Yd5c4]} Bg4 $15) 12... cxd5 {
[%cal Yd5e4,Yd5c4]} 13. Bc3 {[%cal Yd5e4,Yd3e2,Yd3c2] Man beachte: Bc3 deckt
Pb2.,Pd4, ist aber passiv platziert, die Felder d3,c2,e2 sind nicht
ausreichend gedeckt.} (13. b3) 13... Bf5 14. Rf2 Bh6 15. Nh4 (15. Qd2 Be4 16.
Re1 $11 {[%cal Gb2d4,Gf2d4] Schwarz soll den d4-Raum (grüne Pfeile) angreifen.}
f6 $1) 15... Be4 {[%cal Yd3e2,Yd3c2] Der d4-Raum weist weißfeldrige Schwächen
auf: c2, d3, e2 auf. Schwarz steht schon besser.} 16. g4 (16. Qe2 f6) 16...
Rad8 $1 {[%mdl 32] /\17...de5 gefolgt von ...d4. Weiß ist nun gezwungen den
d4-Raum zu schwächen.} (16... f6 $5 17. e6 $5) (16... dxe5 17. dxe5 {/\Bd4})
17. exd6 (17. a4 {/\a5} a5 (17... dxe5 18. a5 Qe6 19. dxe5 Bxf4 20. Rxf4 g5 $17
)) 17... Qxd6 {[%cal Gf2d4,Gb2d4,Yd5c4,Yd5e4]} 18. g5 $6 (18. Qd2 $17 {[%cal
Gf2d4,Gb2d4] Um die Felder c3,d4,e3 zu sichern}) 18... Bg7 {/\19...f6 -+} 19.
Qg4 f6 20. Raf1 Rf7 21. a3 {/\Bb4} Qb6 (21... Rdf8 $5) 22. Qd1 Rdf8 23. Qd2 {
Weiß versucht den Fehler im 18. Zug zu korrigieren.} Qe6 $6 (23... fxg5 24.
fxg5 Rxf2 25. Rxf2 Rxf2 26. Qxf2 Qe6 $19) 24. f5 $5 gxf5 25. g6 hxg6 26. Nxg6
f4 $1 (26... Re8 27. Nh4) 27. Nxf8 Bxf8 {[%cal Of7g7,Og7g2,Cf1e1,Cd2f4,Yd3e2]
Weiß ist nicht mehr in der Lage den d4-Raum (u.a. die Felderschwächen auf e2,
c2) zu sichern.} 28. Rg2+ (28. Re1 Qg4+ 29. Kf1 f3 $19) 28... Bxg2 29. Kxg2
Rg7+ 30. Kf2 Qh3 31. Qxf4 Rg2+ 32. Ke1 Qe6+ {[%cal Cf4e5,Ce5e6,Yd3e2,Yd3c2]}
0-1

[Event "Bundesliga 0405"]
[Site "Germany"]
[Date "2005.01.30"]
[Round "9.4"]
[White "Maiwald, Jens Uwe"]
[Black "Thesing, Matthias"]
[Result "1-0"]
[WhiteElo "2514"]
[BlackElo "2420"]
[Annotator "Bangiev,A"]
[PlyCount "75"]
[EventDate "2004.11.12"]
[EventType "team-tourn"]
[EventRounds "15"]
[EventCountry "GER"]
[SourceTitle "CBM 106"]
[Source "ChessBase"]
[SourceDate "2005.06.06"]
[SourceVersion "1"]
[SourceVersionDate "2005.06.06"]
[SourceQuality "1"]
[WhiteTeam "Kreuzberg"]
[BlackTeam "Katernberg"]
[WhiteTeamCountry "GER"]
[BlackTeamCountry "GER"]

1. e4 c5 2. Nc3 e6 3. g3 d5 4. exd5 exd5 5. Bg2 Nf6 6. d3 d4 7. Ne4 Nxe4 8.
dxe4 Nc6 9. Ne2 Be7 (9... Bd6 {Schwarz sollte den Vorstoß f5 vorbereiten und
verwirklichen.} 10. O-O O-O {/\f5, z.B.} 11. Nf4 f5 $1) 10. O-O O-O 11. Nf4 b6
$6 (11... Bg5 12. Qh5 Re8 13. h4) (11... f5 $5 12. exf5 Bxf5) 12. Re1 Ne5 13.
Nd5 $1 Bg4 14. f3 Be6 15. f4 Bg4 16. Qd2 Nf3+ 17. Bxf3 Bxf3 18. Qd3 Bg4 19. f5
$1 {[%csl Ge4][%cal Ye4f5][%mdl 160] Weiß sichert die wichtigen Felder e4, d5,
f5; der Bg4 ist abgeschnitten; die Lage des Nachziehenden ist kritisch. /\h3
gefolgt von Qf3 und g4.} Re8 (19... Bg5 $1 20. Bxg5 (20. h3 $2 Bxc1 21. Raxc1
Bxf5) (20. Qf1 Bxc1 21. Raxc1 Qd6) 20... Qxg5 21. c3) (19... Bd6 20. h3 c4 (
20... Bxh3 21. Qf3) 21. Qf1 $16) (19... f6 20. Nf4) 20. Bf4 $16 {/\ Nc7, /\ h3}
(20. h3 $2 Bxf5) 20... g5 (20... Bd6 21. h3 $1 Bxh3 22. Qf3) (20... Bg5 21. h3
$1) (20... Rc8 21. h3 Bxh3 (21... Bxf5 22. Nxe7+) 22. Qf3) 21. Bd2 (21. f6 $16
Bd6 22. Bxg5) 21... Bf8 22. c4 f6 (22... dxc3 23. Bxc3 {[%csl Gc7,Gg7] Der
e5-Raum ist stark angegriffen.}) 23. b4 Re5 24. bxc5 Bxc5 25. Rab1 Qd6 26. a4
a5 27. Rb5 Rae8 28. Reb1 $2 Rxe4 $2 (28... Rxd5 $1 29. cxd5 Be2) (28... Be2 $1
$19) 29. Rxb6 $1 {/\ Nf6} Qe5 (29... Bxb6 30. Rxb6) 30. Nxf6+ Kg7 31. Nxe8+
Qxe8 32. Re6 Rxe6 33. fxe6 Qxe6 34. Rb7+ Kf8 35. Rb5 Qe5 36. Qf1+ Ke8 37. Qe1
Be2 38. Rxc5 1-0

[Event "FIDE-Wch k.o."]
[Site "Groningen"]
[Date "1997.12.30"]
[Round "7.7"]
[White "Adams, Michael"]
[Black "Anand, Viswanathan"]
[Result "1/2-1/2"]
[WhiteElo "2680"]
[BlackElo "2765"]
[Annotator "Bangiev,A"]
[PlyCount "88"]
[EventDate "1997.12.09"]
[EventType "k.o."]
[EventRounds "7"]
[EventCountry "NED"]
[SourceTitle "CBM 063"]
[Source "ChessBase"]
[SourceDate "1998.03.26"]
[SourceVersion "1"]
[SourceVersionDate "1998.03.26"]
[SourceQuality "1"]

1. e4 c5 2. Nc3 d6 3. f4 g6 4. d4 cxd4 5. Qxd4 Nf6 6. e5 Nc6 7. Bb5 Nd7 $1 $146
8. Bxc6 bxc6 9. e6 (9. exd6 Nf6 $132) 9... Nf6 10. exf7+ Kxf7 11. Nf3 Qb6 $5
12. Qc4+ (12. b3 Qxd4 13. Nxd4 c5 $15) 12... Ke8 $5 {/\Bg7} (12... Kg7 13. Nd4
{[%cal Yd4e6]}) 13. Bd2 (13. Nd4 Bd7 $132 14. Ne6 $6 d5 15. Qe2 Bh6 $36) (13.
h3 Bg7 $132) 13... Qa6 (13... Qxb2 $2 14. Qxc6+ Nd7 15. Rb1 $18) (13... Ba6 14.
Qb3 $11) (13... Ng4 $5 14. Nd4 (14. O-O-O Nf2 $17) 14... Bd7 15. h3 Bg7 $13)
14. Qd4 Rb8 (14... Qb6 15. O-O-O) 15. O-O-O Qb6 16. b3 Qxd4 17. Nxd4 Bd7 18.
Rhe1 Kf7 19. Nf3 h6 20. Be3 Rb7 21. Bd4 Bg7 22. Ne4 Nxe4 23. Bxg7 (23. Rxe4 $6
Bxd4 24. Rexd4 c5 25. R4d3 Bc6 $15) 23... Kxg7 24. Rxe4 Kf7 {/\..c5, ..Bc6} 25.
Re3 c5 26. Rde1 Bc6 27. Nh4 Rg8 28. g4 Rc7 {/\Bc6-b7-c8} 29. Kd2 $14 Bb7 30.
Rf1 Bc8 31. h3 Ke8 {/\32...g5} 32. f5 (32. c4 g5 33. fxg5 hxg5 34. Nf5 Rg6 $11)
32... gxf5 (32... g5 33. Ng6 (33. f6 e5 34. Nf5 Bxf5 35. Rxf5 Kf7 $132) 33...
Rg7 34. Rh1 $36 {/\h4}) 33. Nxf5 Bxf5 34. Rxf5 Rg6 35. Ref3 Kd7 36. Rf7 (36.
Rf8 $5 Rc8 (36... c4) 37. Rxc8 Kxc8 38. Rf8+ Kc7 39. Ra8 Kb7 40. Rh8 $14) 36...
Rc8 37. Rh7 Rcg8 $1 38. Rff7 Re6 39. Rf5 a5 40. Rf4 Rg5 41. Rf5 (41. Ra4 Rd5+
42. Kc3 Re2 $132) 41... Rxf5 42. gxf5 Rf6 43. Ke3 d5 44. h4 Rxf5 1/2-1/2